<?xml version="1.0" encoding="UTF-8"?><?xml-stylesheet type="text/xsl" href="static/style.xsl"?><OAI-PMH xmlns="http://www.openarchives.org/OAI/2.0/" xmlns:xsi="http://www.w3.org/2001/XMLSchema-instance" xsi:schemaLocation="http://www.openarchives.org/OAI/2.0/ http://www.openarchives.org/OAI/2.0/OAI-PMH.xsd"><responseDate>2026-04-17T17:44:59Z</responseDate><request verb="GetRecord" identifier="oai:www.recercat.cat:20.500.12694/7448" metadataPrefix="marc">https://recercat.cat/oai/request</request><GetRecord><record><header><identifier>oai:recercat.cat:20.500.12694/7448</identifier><datestamp>2025-12-31T09:19:43Z</datestamp><setSpec>com_2072_179042</setSpec><setSpec>col_2072_484474</setSpec></header><metadata><record xmlns="http://www.loc.gov/MARC21/slim" xmlns:dcterms="http://purl.org/dc/terms/" xmlns:xsi="http://www.w3.org/2001/XMLSchema-instance" xmlns:doc="http://www.lyncode.com/xoai" xsi:schemaLocation="http://www.loc.gov/MARC21/slim http://www.loc.gov/standards/marcxml/schema/MARC21slim.xsd">
   <leader>00925njm 22002777a 4500</leader>
   <datafield ind2=" " ind1=" " tag="042">
      <subfield code="a">dc</subfield>
   </datafield>
   <datafield ind2=" " ind1=" " tag="720">
      <subfield code="a">Masalias  Jaime, Sergi</subfield>
      <subfield code="e">author</subfield>
   </datafield>
   <datafield ind2=" " ind1=" " tag="260">
      <subfield code="c">2023-06</subfield>
   </datafield>
   <datafield ind2=" " ind1=" " tag="520">
      <subfield code="a">En el transcurs de les darreres dècades, la música tradicional catalana ha passat per un enorme procés de recuperació, creació i folklorització. A causa d’això, s’ha obert un nou punt de mira (entre altres) envers la improvisació. La frase “Saber d’on venim per poder determinar el nostre futur” és un clixé, però és totalment encertada i indispensable per abordar de quina manera es desenvolupa la música tradicional en els nostres dies i en tots els escenaris que aquesta abasta.</subfield>
   </datafield>
   <datafield ind2=" " ind1=" " tag="520">
      <subfield code="a">En el transcurso de las últimas décadas, la música tradicional catalana ha pasado por un enorme proceso de recuperación, creación y folklorización. A causa de ello, se ha abierto un nuevo punto de mira (entre otros) hacia la improvisación. La frase “Saber de dónde venimos para poder determinar nuestro futuro” es un cliché, pero totalmente acertada e indispensable para abordar de qué manera se desarrolla la música tradicional en nuestros días y en todos los escenarios que esta abarca.</subfield>
   </datafield>
   <datafield ind2=" " ind1=" " tag="520">
      <subfield code="a">In the course of the last decades, traditional Catalan music has gone through an enormous process of recovery, creation, and folklorization. Because of this, a new point of view (among others) has opened up towards improvisation. The phrase: 'Knowing where we come from to be able to determine our future' is a cliché, but totally accurate and essential to address how traditional music develops in our days, and in all the scenarios it is part of.</subfield>
   </datafield>
   <datafield ind1="8" ind2=" " tag="024">
      <subfield code="a">http://hdl.handle.net/20.500.12694/7448</subfield>
   </datafield>
   <datafield tag="653" ind2=" " ind1=" ">
      <subfield code="a">TFG Música tradicional</subfield>
   </datafield>
   <datafield tag="653" ind2=" " ind1=" ">
      <subfield code="a">Música folklòrica--Catalunya</subfield>
   </datafield>
   <datafield tag="653" ind2=" " ind1=" ">
      <subfield code="a">Improvisació (Música)</subfield>
   </datafield>
   <datafield ind2="0" ind1="0" tag="245">
      <subfield code="a">Guia per a l'improvisador de música tradicional</subfield>
   </datafield>
</record></metadata></record></GetRecord></OAI-PMH>